The Approach of operational research to planning in India (Record no. 11635)

000 -LEADER
fixed length control field 00262nam a2200097Ia 4500
008 - FIXED-LENGTH DATA ELEMENTS--GENERAL INFORMATION
fixed length control field 210107s9999 xx 000 0 und d
100 ## - MAIN ENTRY--PERSONAL NAME
Personal name Mahalanobis
245 #4 - TITLE STATEMENT
Title The Approach of operational research to planning in India
260 ## - PUBLICATION, DISTRIBUTION, ETC.
Place of publication, distribution, etc. Bombay
Name of publisher, distributor, etc. Asia pub
942 ## - ADDED ENTRY ELEMENTS (KOHA)
Koha item type Books
Holdings
Withdrawn status Lost status Damaged status Not for loan Permanent Location Date acquired Barcode Date last seen Price effective from Koha item type
        IMU Kolkata 2021-01-07 PM07500 2021-01-07 2021-01-07 Books
Designed and Maintained by IMU-KC Library, Kolkata Campus © Copyright All Rights Reserved

webs counters

Powered by Koha